000 01592nam a2200361 a 4500
001 ebr10517023
003 CaPaEBR
006 m u
007 cr cn|||||||||
008 090401s2009 nyu sb 000 0 eng d
010 _z 2009012924
020 _z9781433106620 (alk. paper)
020 _z1433106620 (alk. paper)
020 _z9781453904503 (e-book)
040 _aCaPaEBR
_cCaPaEBR
035 _a(OCoLC)774287494
050 1 4 _aPR6037.N58
_bZ73 2009eb
082 0 4 _a823/.912
_222
100 1 _aLewis, Terrance L.,
_d1958-
245 1 0 _aC.P. Snow's Strangers and brothers as mid-twentieth-century history
_h[electronic resource] /
_cTerrance L. Lewis.
260 _aNew York :
_bPeter Lang,
_cc2009.
300 _axiv, 204 p.
490 1 _aAmerican university studies. Series IV, English language and literature,
_x0741-0700 ;
_vv. 197
504 _aIncludes bibliographical references.
533 _aElectronic reproduction.
_bPalo Alto, Calif. :
_cebrary,
_d2013.
_nAvailable via World Wide Web.
_nAccess may be limited to ebrary affiliated libraries.
600 1 0 _aSnow, C. P.
_q(Charles Percy),
_d1905-1980.
_tStrangers and brothers.
600 1 0 _aSnow, C. P.
_q(Charles Percy),
_d1905-1980
_xCriticism and interpretation.
650 0 _aLiterature and history.
655 7 _aElectronic books.
_2local
710 2 _aebrary, Inc.
830 0 _aAmerican university studies.
_nSeries IV,
_pEnglish language and literature ;
_vv. 197.
856 4 0 _uhttp://site.ebrary.com/lib/rucke/Doc?id=10517023
_zAn electronic book accessible through the World Wide Web; click to view
999 _c121784
_d121784